„Consumer education in Slovakia: 15 years history open the doors to the future“
Na minha lista:
| Autor principal: | |
|---|---|
| Outros Autores: | |
| Formato: | Capítulo de Livro |
| Idioma: | inglês |
| Tags: |
Sem tags, seja o primeiro a adicionar uma tag!
|
MARC
| LEADER | 00000nla$a2200000$$$4500 | ||
|---|---|---|---|
| 001 | 0146475 | ||
| 005 | 20240502083337.7 | ||
| 041 | 0 | |a eng | |
| 044 | |a AT | ||
| 245 | 1 | 0 | |a „Consumer education in Slovakia: 15 years history open the doors to the future“ |c Pavel Hraško, Jarmila Tkáčiková |
| 500 | |a Prezentácia | ||
| 100 | 1 | |a Hraško, Pavel | |
| 700 | 1 | |a Tkáčiková, Jarmila | |